Дело о доставлении Департаменту сведений о числе экзаменовавшихся в университетах о числе удостоенных к приему в университеты, о...

Доступно только в Электронных читальных залах Найти на картеНа карте
RUSMARC
00003882nmc2a22000003x 450
001ca42b7a5-ea74-4077-aa53-093713c27ee8
00520180710204803.0
100##$a20160413l18661868k l0rusy0189 ca
1010#$arus
102##$aRU
2001#$aДело о доставлении Департаменту сведений о числе экзаменовавшихся в университетах о числе удостоенных к приему в университеты, о числе экзаменовавшихся в гимназиях и выдержавших экзамен, и о числе вольных слушателей в университетах
$j31 августа 1866 г. - 27 июля 1868 г.
251##$cДело
300##$aДело
801#0$aRU
$bРГИА
$c20160413
$gRCR
801#1$aRU
$bГлавНИВЦ
$c20160413
$2rusmarc
801#2$aRU
$bПБ им. Б.Н. Ельцина
$c20180710
$gRCR
$2rusmarc
850##$aРГИА
852##$aРГИА
$eФедеральное казенное учреждение "Российский государственный исторический архив" (РГИА)
$j567
937##$hРГИА
$d12195291
$aASBIBLIO_SCAN
462#0$100175ee99a9-5750-4f16-9283-bc673fb37de8
$12001
$aДела разряда высших учебных заведений Департамента народного просвещения за 1838-1872 гг.
$1251
$cОпись
$1852
$j147
461#0$1001a74412a3-3cc5-4d21-8f0a-dfe2fbd9e72d
$12001
$aДепартамент народного просвещения Министерства народного просвещения (1803-1917)
$1251
$cФонд
$1852
$j733
215##$a65 л.
$d36,5х26 см
371##$aДокумент не является опубликованным и широко распространяемым
105##$ay###
1222#$ad
035##$aca42b7a5-ea74-4077-aa53-093713c27ee8
856##$uhttp://readingroom.main.prlib.ru/item.aspx?id_node=n117020793&mode=full
Формат отображения